00577 2200217 4500001002100000005001700021008004100038035002400079040001200103082001200115090001900127100001300146245007000159250001200229260004300241300001900284500001100303650001800314850001200332990001500344YOGYA-0209000003537720090227025012.0 eng  0010-020900000035377 aYOPDYOG a951.042 a951.042bWoo K aWoo, T.C aThe Kuomintang and the future of the Chinese revolutioncT.C. Woo a1 st ed aLondonbGeorge Allen & Unwin Ltdc1928 a278 hlmc22 cm aIndeks aRevolusi Cina aYOPDYOG ab000051860